000 00737nam a2200217 i 4500
003 IT-RoINE
005 20150304044505.0
008 980610s1998 sp |||| r 000|0bspa d
020 _a8460572374
040 _aUPSA
_dIT-RoINE
_cIT-RoINE
100 1 _aSánchez Sánchez, Andrés
_96670
245 1 0 _aAntonio Honcala y Gaspar Daza :
_bdos abulenses ilustres del siglo XVI /
_cAndrés Sánchez Sánchez.
260 _aÁvila :
_bCabildo de la Catedral de Ávila,
_c1998.
300 _a247 p. ;
_c23 cm.
336 _2rdacontent
_atext
337 _2rdamedia
_aunmediated
338 _2rdacarrier
_avolume
600 1 4 _aDaza, Gaspar,
_dm. 1592
_xBiografía
_96672
600 1 4 _96671
_aHoncala, Antonio de,
_d1484-1565
_xBiografía
942 _cMTS
999 _c3323
_d3323